000 00262nam a22001217a 4500
008 180820b xxu||||| |||| 00| 0 eng d
041 _aeng
080 _a94
100 _a16
101 _ahis
245 _athe west a new history
_cgrafton.a
942 _2udc
_cBK
999 _c47209
_d47209